15 plus grandes villes du Brésil (sur la carte) - Statistiques

Statistiques générales
  • Ce quiz a été pris 37 fois
  • Le résultat moyen est 10 sur 15
Réponses sur la Carte
Les réponses sont colorées sur une échelle allant du rouge au vert en fonction du pourcentage des utilisateurs qui les ont devinées à leur premier essai. Vous pouvez retrouver ces pourcentages ci-dessous.
 
Statistiques - réponses
Population Ville % Correct
6,7 million Rio de Janeiro
100%
11,9 million São Paulo
100%
2,9 million Brasilia
97%
2,4 million Belo Horizonte
86%
2,3 million Manaus
86%
1,6 million Recife
83%
2,6 million Fortaleza
69%
2,6 miollion Salvador
69%
1,4 million Belém
66%
1,8 million Curitiba
63%
1,4 million Porto Alegre
63%
1,1 million São Luís
31%
1,5 million Goiânia
29%
1,2 million Campinas
23%
1,3 million Guarulhos
9%
Aucun quiz correspondant
Distribution des résultats
% des personnes avec chaque résultat
Percentile par nombre de réponses
Votre historique - résultats
Vous n’avez pas pris ce quiz